15 Largest Cities in Bosnia and Herzegovina🇧🇦 - Statistics

General Stats
  • This quiz has been taken 94 times
  • The average score is 8 of 15
Answer Stats
Population City % Correct
696k Sarajevo
100%
221k Banja Luka
88%
104k Mostar
79%
142k Tuzla
69%
164k Zenica
67%
75k Bihac
50%
27k Doboj
46%
37k Bijeljina
44%
38k Brcko
44%
36k Prijedor
44%
31k Travnik
40%
21k Cazin
37%
33k Trebinje
31%
41k Bugojno
27%
19k Velika Kladusa
19%
No matching quizzes found
Score Distribution
Percent of People with Each Score
Percentile by Number Answered
Your Score History
You have not taken this quiz